Statistics for Best Selling Musical Acts in the U.S.

Click here to take the quiz!

General Stats

  • This quiz has been taken 47,758 times
    (12,620 since last reset)
  • The average score is 16 of 53

Answer Stats

SalesGenreMusical Act% Correct
183 milRockThe Beatles
87%
89 milPopMichael Jackson
81%
66.5 milRockThe Rolling Stones
68%
146.5 milRockElvis Presley
66%
46 milCountry/PopTaylor Swift
59%
43.5 milCountryAlan Jackson
57%
64.5 milPopMadonna
54%
79 milPopElton John
53%
75 milRockAC/DC
52%
43 milRockQueen
52%
61.5 milRapEminem
50%
112.5 milRockLed Zeppelin
47%
63 milRockMetallica
47%
157 milCountryGarth Brooks
41%
120 milRockEagles
39%
44.5 milRockGuns N' Roses
38%
75 milRockPink Floyd
38%
34.5 milPopBritney Spears
34%
69.5 milRockAerosmith
33%
60 milPopWhitney Houston
33%
71 milRockBruce Springsteen
32%
52 milRockU2
32%
69.5 milPopMariah Carey
31%
36 milFolkBob Dylan
29%
34.5 milRockBon Jovi
28%
36.5 milRapTupac Shakur
27%
85 milPopBilly Joel
25%
54.5 milRockFleetwood Mac
24%
37 milPopBackstreet Boys
23%
51 milPopCeline Dion
23%
48 milCountryShania Twain
21%
34 milRockThe Doors
21%
49 milRockJourney
18%
56.5 milRockVan Halen
18%
35.5 milRockDef Leppard
17%
68.5 milBroadwayBarbra Streisand
15%
48 milSmooth JazzKenny G
15%
47.5 milCountryKenny Rogers
14%
38.5 milPopSimon and Garfunkel
14%
38.5 milRockChicago
13%
40 milRockEric Clapton
13%
33.5 milPopPhil Collins
13%
37.5 milCountryTim McGraw
13%
69 milCountryGeorge Strait
12%
33.5 milPopJohn Denver
11%
43.5 milRockSantana
11%
41 milCountryReba McEntire
10%
49.5 milPopNeil Diamond
9%
38 milRockRod Stewart
9%
49 milRockAlabama
8%
38 milRockForeigner
8%
34.5 milRockDave Matthews Band
6%
44.5 milRockBob Seger
5%

Score Distribution

Percentile by Number Answered

Percent of People with Each Score

Your Score History

You have not taken this quiz since the last reset